| 000 | 00000nam 2200000zi 4500 |
| 001 | 9.915870 |
| 003 | CaOODSP |
| 005 | 20230420160935 |
| 006 | m o d f |
| 007 | cr ||||||||||| |
| 008 | 221003e202304##onc o f000 0 fre d |
| 020 | |a9780660456812 |
| 040 | |aCaOODSP|bfre|erda|cCaOODSP |
| 043 | |an-cn--- |
| 086 | 1 |aCC394-3/2023F-PDF |
| 245 | 00|aProtection de vos dépôts. |
| 264 | 1|a[Ottawa] : |bSociété d'assurance-dépôts du Canada, |cavril 2023. |
| 300 | |a1 ressource en ligne (1 page non numérotée) |
| 336 | |atexte|btxt|2rdacontent/fre |
| 337 | |ainformatique|bc|2rdamedia/fre |
| 338 | |aressource en ligne|bcr|2rdacarrier/fre |
| 500 | |aPublié aussi en anglais sous le titre : Protecting your deposits. |
| 610 | 20|aSociété d'assurance-dépôts du Canada. |
| 650 | 6|aAssurance-dépôts|zCanada. |
| 710 | 2 |aSociété d'assurance-dépôts du Canada, |eorganisme de publication. |
| 775 | 08|tProtecting your deposits.|w(CaOODSP)9.915869 |
| 776 | 0#|tProtection de vos dépôts. |w(CaOODSP)9.915874 |
| 795 | |tProtection de vos dépôts.|w(CaOODSP)9.904570 |
| 856 | 40|qPDF|s105 Ko|uhttps://publications.gc.ca/collections/collection_2023/sadc-cdic/CC394-3-2023-fra.pdf |